Norské domy snů: Pohádkové renovace uprostřed divočiny /

Na minha lista:
Detalhes bibliográficos
Autor principal: Bakke, Halvor (Author)
Formato: Livro
Idioma:tcheco
Publicado em: Praha: Grada, 2024
Edição:1. vyd.
Assuntos:
Tags: Adicionar Tag
Sem tags, seja o primeiro a adicionar uma tag!

MARC

LEADER 00000nam a22000003a 4500
001 0115074
003 SK-STU
005 20250423124046.0
007 ta
008 250423s ----xo-----e------000-0-----d
020 |a 978-80-247-5259-4 
040 |a STU  |b slo 
041 0 |a cze  |h cze 
044 |a xo 
100 1 |a Bakke, Halvor  |4 aut 
245 1 0 |a Norské domy snů:  |b Pohádkové renovace uprostřed divočiny /  |c aut. Halvor Bakke 
250 |a 1. vyd. 
260 |a Praha:  |b Grada,   |c 2024 
300 |a 235 s. 
650 0 7 |a rodinné domy 
650 0 7 |a renovácie 
650 0 7 |a Nórsko 
996 |b 284V038234  |c V* 53696/O-24791  |l VVT  |s P  |a 0  |w 0115074_0001